Responses for Show #6282 - Tuesday, January 3, 2012

Dave Leach game 4.

Contestants

[<< previous game]

Nicholas Campiz, a graduate student in geography from Gainesville, Florida

Sally Sommers Smith, a biology professor from Kennebunk, Maine

Dave Leach, a software analyst from Atlanta, Georgia (whose 3-day cash winnings total $48,684)

[next game >>]

Jeopardy! Round responses

1812
PATENTS OF WELL-KNOWN FOLKS
THE NUMBER AFTER 1: LITERARY EDITION
TAKING STOCK
LAND O' LAKERS
"OLD" ENGLISH
    $200 17
Beethoven

Nicholas
    $200 7
Houdini

Dave
    $200 26
(Alex: [*], yes. [emphasizing the word "Two"])

A Tale of Two Cities

Nicholas
    $200 12
H&R Block

Dave
    $200 6
Grauman's Chinese Theater

Dave
    $200 1
Old Maid

Nicholas
    $400 18
Harrisburg

Sally
    $400 8
Michael Jackson

Nicholas
    $2,400 27
(Alex: Nicholas?)
[Beep]
(Nicholas: Don't have it.)

The Two Towers

Nicholas
    $400 13
(Dave: What is Fila?)

Foot Locker

DaveNicholas
    $400 22
Vine

Dave
    $400 2
old-fashioned (or old hat)

Nicholas
    $600 19
Madison

Nicholas
    $600 9
(Sally: Sammy Hagar? Who is Sammy Hagar?)

(Eddie) Van Halen

DaveSally
    $600 28
(Hercule) Poirot

Dave
    $600 14
Estee Lauder

Sally
    $600 23
the Staples Center

Nicholas
    $600 3
old school

Nicholas
    $800 20
Bank

Nicholas
    $800 10
(Michael) Bloomberg

Nicholas
    $800 29
(Dave: What is As You Like It?)
...
(Alex: Remember we're dealing with the number after 1, so its' [*].)

The Two Gentlemen of Verona

Dave
Triple Stumper
    $800 15
Coach

Nicholas
    $800 24
Tokyo

Nicholas
    $800 4
an old master

Sally
    $1000 21
(Nicholas: Who is Lord Tennyson?)

Lord Byron

Nicholas
Triple Stumper
    $1000 11
(Jamie Lee) Curtis

Dave
    $1000 30
(Dave: What is Minivers?)
...
(Alex: There's only one Mrs. Miniver. There were two Mrs. [*].)

Grenvilles

Dave
Triple Stumper
    $1000 16
Las Vegas Sands

Triple Stumper
    $1000 25
Watts

Nicholas
    $1000 5
(Dave: What is the Old Country?)

the Old Sod

DaveSally

Scores at the first commercial break (after clue 16):

Dave Sally Nicholas
$800 $1,800 $3,600

Scores at the end of the Jeopardy! Round:

Dave Sally Nicholas
$0 $2,200 $4,400

Double Jeopardy! Round responses

MEDICINE MEN
APPETIZERS
THE ATTORNEY GENERAL INFORMATION
COLLEGE NICKNAME'S THE SAME
CITY SEALS
FROM THE LATIN
    $400 21
scurvy

Nicholas
    $400 1
(Dave: What is cabbage?)

lettuce

DaveSally
    $400 26
(Janet) Reno

Dave
    $400 6
Huskies

Nicholas
    $400 11
the Missouri River

Nicholas
    $400 16
digital

Dave
    $800 22
smallpox

Nicholas
    $800 2
Brie

Sally
    $800 27
(Edwin) Meese

Dave
    $800 7
Bulldogs

Nicholas
    $800 12
Minneapolis

Nicholas
    $800 17
matrimony

Dave
    $1,400 23
(Nicholas: Who is... Rosher?)
(Alex: No, you had to go with the obvious--who is [*]?)

Sigmund Freud

Nicholas
    $1200 3
canapé

Sally
    $1200 30
John Ashcroft

Triple Stumper
    $1200 8
Mountaineers

Nicholas
    $1200 13
(Sally: What is Raleigh?)

Charlotte

SallyNicholas
    $1200 18
humerus

Dave
    $1600 24
(Dave: Who is Jenner?)
...
(Alex: We had Jenner earlier on.)

(Alexander) Fleming

DaveSally
    $1600 4
eggplant

Nicholas
    $700 29
(Alex: Nothing?)
(Dave: Who is Hiss?)
(Alex: No. [Chuckling] Alger Hiss?)
(Dave: [Rolls eyes, laughs] Yeah.)
(Alex: Who is [*]? The Nixon administration.)

John Mitchell

Dave
    $1600 9
Owls

Nicholas
    $1600 14
Mt. Hood

Dave
    $1600 19
conscript

Dave
    $2000 25
(William) Harvey

Sally
    $2000 5
(Sally: What are poppers?)

popcorn

Sally
Triple Stumper
    $2000 28
Eric Holder

Triple Stumper
    $2000 10
[Applause for Nicholas's run of the category]
(Alex:You know your colleges! Well done, young man.)

Cougars

Nicholas
    $2000 15
(Alex: And that city is [*]. Erie Canal.)

Buffalo

Triple Stumper
    $2000 20
(Nicholas: What is metamorphosis?)
...
(Alex: Yes, the plural, not the singular.)
[Applause for Dave's run of the category]

metamorphoses

DaveNicholas

Scores at the end of the Double Jeopardy! Round:

Dave Sally Nicholas
$6,100 $5,000 $12,200
(lock-tie game)

[wagering suggestions for these scores]

Final Jeopardy! Round responses

ASTRONOMY
(Alex: Nicholas, we're looking for [*]. And we find it. If you risked more than a buck, you're the new champion. No.)
[The audience gasps at Nicholas's $0 wager.]
(Alex: You didn't. So you're gonna be a champ, and Dave's gonna be a champ. Returning champions. And, Sally, you're gonna wind up with our parting gift of $2,000 in cash.)
[Johnny Gilbert's "Prizes for our second- and third-place contestants provided by Aleve", begun since show #6211, aired 2011-09-26, replaced with "Second place prizes sponsored by Aleve". See also show #6227, aired 2011-10-18.]
SallyWhat is Neptune?
$4,500
DaveWhat is Neptune?
$6,100
NicholasWhat is Neptune??
$0
Neptune

Final scores:

Dave Sally Nicholas
$12,200 $9,500 $12,200
4-day co-champion: $60,884 2nd place: $2,000 New co-champion: $12,200

Game dynamics:

Coryat scores:

Dave Sally Nicholas
$6,800 $5,000 $16,000
15 R,
7 W
(including 1 DD)
9 R,
3 W
25 R,
4 W
(including 2 DDs)

Combined Coryat: $27,800

[game clues] [game scores] [suggest correction]

Game tape date: 2011-11-02
The J! Archive is created by fans, for fans. Scraping, republication, monetization, and malicious use prohibited; this site may use cookies and collect identifying information. See terms. The Jeopardy! game show and all elements thereof, including but not limited to copyright and trademark thereto, are the property of Jeopardy Productions, Inc. and are protected under law. This website is not affiliated with, sponsored by, or operated by Jeopardy Productions, Inc. Join the discussion at JBoard.tv.